| 000 | 00432nam a2200145 i 4500 | ||
|---|---|---|---|
| 001 | 39347 | ||
| 003 | ES-MaACL | ||
| 005 | 20230906155944.0 | ||
| 007 | t| | ||
| 008 | 030227s1950 xxc ||||1| spa d | ||
| 245 | 0 | 0 | _aCanadá de Océano a Océano. |
| 260 |
_aOttawa : _bMinisterio de Relaciones Exteriores, _c[1950] ( _fEdmond Cloutier) |
||
| 300 |
_a127 p., 4 lám., 1 map. pleg. ; _c23 cm. |
||
| 852 |
_aES-MaACL _j1926-F-5 _bR.31155 |
||
| 999 |
_c39347 _d39347 |
||